000 00669nam a22002297a 4500
005 20160125080810.0
008 101208s2011 nyua b 001 0 eng
020 _a9780071496643 (pbk. : alk. paper)
020 _a0071496645 (pbk. : alk. paper)
041 0 _aeng
080 _a004
100 1 _aDeshpande, Kirtikumar.
245 1 0 _aOracle Streams 11g data replication /
_cKirtikumar Deshpande.
260 _aNew York :
_bMcGraw-Hill,
_c2011.
300 _a512 f. :
_bme il.;
_c24 cm.
505 8 _aIndex: f. 491 - 512
630 0 0 _aOracle (Computer file)
650 0 _aKompjuterat
650 0 _aBaza e të të dhënave
650 0 _aProcesimi
942 _2udc
_cBK
999 _c680
_d680